Mario's Madness V2 Quiz - Statistics

General Stats
  • This quiz has been taken 353 times
  • The average score is 17 of 28
Answer Stats
Location Song % Correct
Mushroom Kingdom Its-a-Me
90%
Mushroom Kingdom Starman Slaughter
84%
??? All-Stars
83%
Irregularity Isle So Cool
80%
Woodland of Lies Alone
73%
Woodland of Lies I Hate You
72%
Woodland of Lies Oh God No
69%
Woodland of Lies Last Course
65%
Irregularity Isle Nourishing Blood
63%
Hellish Heights Powerdown
62%
Woodland of Lies Dark Forest
61%
Hellish Heights Demise
60%
Content Cosmos Bad Day
59%
Content Cosmos Day Out
59%
Woodland of Lies Apparition
57%
Hellish Heights Golden Land
57%
Hellish Heights No Party
56%
Content Cosmos Race Traitors
54%
Content Cosmos No Hope
53%
Woodland of Lies Thalassophobia
53%
Hellish Heights Overdue
52%
Hellish Heights Paranoia
52%
Hellish Heights Unbeatable
51%
Classified Castle The End
50%
Content Cosmos Dictator
49%
Classified Castle Promotion
48%
Classified Castle Abandoned
44%
Irregularity Isle MARIO SING AND GAME RHYTHM 9
41%
No matching quizzes found
Score Distribution
Percent of People with Each Score
Percentile by Number Answered
Your Score History
You have not taken this quiz